01520nam a22003494a 4500001001200000003000800012006001900020007001500039008004100054010001700095015001900112016002000131016001800151020001800169040002100187035002100208050002600229082001800255100001900273245010800292260004300400300002300443504006800466505026000534533015200794650001400946655002900960700002100989710001701010856012601027999001701153ebr10235153CaPaEBRm u cr cn|||||||||070926s2008 maua sb 001 0 eng  z 2007039857 aGBA8633382bnb7 z1013174062DNLM7 z0146068032Uk z9780262140997 aCaPaEBRcCaPaEBR a(OCoLC)24464229614aRC394.W6bN494 2008eb04a616.85/532221 aNicolson, Rod.10aDyslexia, learning, and the brainh[electronic resource] /cRoderick I. Nicolson and Angela J. Fawcett. aCambridge, Mass. :bMIT Press,cc2008. axx, 283 p. :bill. aIncludes bibliographical references (p. [233]-265) and indexes.0 aTheoretical explanations of developmental dyslexia -- Reading and learning -- Dyslexia and automaticity -- Dyslexia and the cerebellum -- Dyslexia and development -- Dyslexia in 2006 -- Dyslexia, learning, and neural systems -- Dyslexia : looking forward. aElectronic reproduction.bPalo Alto, Calif. :cebrary,d2013.nAvailable via World Wide Web.nAccess may be limited to ebrary affiliated libraries. 0aDyslexia. 7aElectronic books.2local1 aFawcett, Angela.2 aebrary, Inc.40uhttp://site.ebrary.com/lib/rucke/Doc?id=10235153zAn electronic book accessible through the World Wide Web; click to view c38697d38697